00289nam a22001217a 450000500170000001000110001702000220002803500110005010000210006124500370008226000290011930000190014820131015125600.0 aG-2232 a8172016743c15.00 aG-2232 aKrishnamoorthy,K aBanabhatta/cby K. Krihnamoorthy aN.DelhibSahitya Akademi a83pc22cm(pbk)